| 000 | 00415nam a2200181Ia 4500 | ||
|---|---|---|---|
| 001 | 10317 | ||
| 005 | 20260306161823.0 | ||
| 008 | 260306t1968||||xx |||||||||||||| ||spa|| | ||
| 041 | _aESP | ||
| 082 |
_a987.041 _bB33 |
||
| 100 |
_aBeaujon, Oscar _eAUT |
||
| 245 | 0 | _aEl Libertador enfermo | |
| 260 | _c1968 | ||
| 300 |
_a150 páginas : _c18 cm. |
||
| 650 | _aGEN | ||
| 654 | _aCHU | ||
| 942 |
_cLIB _dJUS _fJUS _2ddc _n |
||
| 999 |
_c10317 _d10317 |
||